| 000 | 00614pam a2200193 a 4500 | ||
|---|---|---|---|
| 001 | 4488246 | ||
| 005 | 20241210135056.0 | ||
| 008 | 970305s1998 cau b 001 0 eng | ||
| 020 | _a1559349360 (recycled paper) | ||
| 050 | 0 | 0 |
_aHQ1426 _b.I853 1998 |
| 082 | 0 | 0 |
_a305.42/0973 _221 |
| 245 | 0 | 0 |
_aIssues in feminism : _ban introduction to women's studies / _c[compiled by] Sheila Ruth. |
| 250 | _a4th ed. | ||
| 260 |
_aMountain View, Calif. : _bMayfield Pub. Co., _cc1998. |
||
| 300 |
_axv, 613 p. ; _c24 cm. |
||
| 650 | 0 |
_aFeminism _zUnited States. |
|
| 650 | 0 |
_aWomen's studies _zUnited States. |
|
| 942 |
_2lcc _cBK _n0 |
||
| 999 |
_c2035 _d2035 |
||